| 000 | 00583nam a22001577a 4500 | ||
|---|---|---|---|
| 003 | ASAB | ||
| 005 | 20180827062827.0 | ||
| 008 | 180508t xxu||||| |||| 00| 0 eng d | ||
| 040 | _cASAB | ||
| 100 |
_aSadia Salahuddin-Sup-Dr. Ishtiaq Qadri _93775 |
||
| 245 |
_aTH-MS-EBNA-2 Based Epstein Barr Virus Genotyping in Different Type of Lymphoma Patients and in HIV Seropositive Transgender Indivivduals _cSadia Salahuddin-Sup-Dr. Ishtiaq Qadri |
||
| 260 |
_aIslamabad _bASAB (NCVI) _c2010 |
||
| 300 |
_axix,112 P _b30 cm |
||
| 630 |
_aVirology and Immunology _93776 |
||
| 942 |
_2ddc _cTH |
||
| 999 |
_c480787 _d480787 |
||